000
00356nam a2200157Ia 4500
003
OSt
005
20240124101156.0
008
170524s9999 xx 000 0 und d
020
_a
978-9351611493
040
_c
IIMT
100
_a
VARSHNEY
245
0
_a
Banking Law and Practice
260
_b
New Delhi : Sultan Chand
260
_c
2006
942
_2
ddc
_c
02
999
_c
6290
_d
6290